<?xml version="1.0" encoding="UTF-8"?>
<record
    xmlns:xsi="http://www.w3.org/2001/XMLSchema-instance"
    xsi:schemaLocation="http://www.loc.gov/MARC21/slim http://www.loc.gov/standards/marcxml/schema/MARC21slim.xsd"
    xmlns="http://www.loc.gov/MARC21/slim">

  <leader>00707nam a2200157 a 4500</leader>
  <controlfield tag="008">120416s1991    ||||||||||||||||| ||    u</controlfield>
  <datafield tag="050" ind1=" " ind2=" ">
    <subfield code="a">S 496 Dev</subfield>
  </datafield>
  <datafield tag="100" ind1=" " ind2=" ">
    <subfield code="a">Dr</subfield>
  </datafield>
  <datafield tag="245" ind1="1" ind2="0">
    <subfield code="a">Developing world agriculture</subfield>
    <subfield code="c">edited by Dr. A. Speedy</subfield>
  </datafield>
  <datafield tag="260" ind1=" " ind2=" ">
    <subfield code="a">Oxford</subfield>
    <subfield code="b">Grosvenor Press International</subfield>
    <subfield code="c">1991</subfield>
  </datafield>
  <datafield tag="300" ind1=" " ind2=" ">
    <subfield code="a">256p. : ill</subfield>
  </datafield>
  <datafield tag="350" ind1=" " ind2=" ">
    <subfield code="a">0.00</subfield>
  </datafield>
  <datafield tag="700" ind1=" " ind2=" ">
    <subfield code="a">Speedy, A</subfield>
  </datafield>
  <datafield tag="995" ind1=" " ind2=" ">
    <subfield code="a">KAPASA MAKASA LIBRARY OPEN ACCESS</subfield>
    <subfield code="D">0.00</subfield>
    <subfield code="e">722714</subfield>
    <subfield code="F">CBU-KAPASA MAKASA LIBRARY (Chinsali)</subfield>
    <subfield code="H">2</subfield>
    <subfield code="I">8.95</subfield>
    <subfield code="j">S 496 Dev</subfield>
    <subfield code="M">1</subfield>
    <subfield code="U">AVAILABLE</subfield>
    <subfield code="y">025555</subfield>
    <subfield code="Z">Kapasa Makasa Library Open Acess Collection</subfield>
  </datafield>
  <datafield tag="995" ind1=" " ind2=" ">
    <subfield code="a">MAIN LIBRARY OPEN ACCESS</subfield>
    <subfield code="D">0.00</subfield>
    <subfield code="e">722715</subfield>
    <subfield code="F">CBU-MAIN LIBRARY (Kitwe)</subfield>
    <subfield code="H">1</subfield>
    <subfield code="I">8.95</subfield>
    <subfield code="j">S 496 Dev</subfield>
    <subfield code="M">2</subfield>
    <subfield code="U">AVAILABLE</subfield>
    <subfield code="y">025558</subfield>
    <subfield code="Z">Main Library Open Access Collection</subfield>
  </datafield>
  <datafield tag="999" ind1=" " ind2=" ">
    <subfield code="c">63484</subfield>
    <subfield code="d">63484</subfield>
  </datafield>
  <datafield tag="952" ind1=" " ind2=" ">
    <subfield code="0">0</subfield>
    <subfield code="1">0</subfield>
    <subfield code="2">lcc</subfield>
    <subfield code="4">0</subfield>
    <subfield code="7">0</subfield>
    <subfield code="a">001</subfield>
    <subfield code="b">001</subfield>
    <subfield code="c">Main Library Open Access Collection</subfield>
    <subfield code="d">2022-12-24</subfield>
    <subfield code="l">0</subfield>
    <subfield code="o">S 496 Dev</subfield>
    <subfield code="p">025558</subfield>
    <subfield code="r">2022-12-24</subfield>
    <subfield code="w">2022-12-24</subfield>
    <subfield code="y">002</subfield>
  </datafield>
</record>
